000 00700nam a2200289Ia 4500
005 20260324121211.0
008 008 260324s9999 xx 000 0 eng d
020 _a9781315763071
037 _aEBOOK
040 _aCRL
040 _beng
040 _cCRL
041 _2eng
041 _aeng
084 _qCRL
100 _aJohn Bostock; Jane Wood
_91161586
245 0 _aSupporting Student Transitions 14-19
245 0 _bApproaches to teaching and learning
260 _bTaylor and Francis
260 _c2014
365 _a
365 _b280
856 _uhttp://www.taylorfrancis.com/books/9781315763071
942 _cEBOOK
999 _c1753532
_d1753532